[Event "Landesliga Nord 1516"]
[Site "Bayern"]
[Date "2016.01.17"]
[Round "5.8"]
[White "Surinya, Tibor"]
[Black "Mirke, Roy"]
[Result "1/2-1/2"]
[WhiteElo "2001"]
[BlackElo "1987"]
[PlyCount "66"]
[EventDate "2015.10.11"]
[EventType "team-tourn"]
[EventRounds "9"]
[EventCountry "GER"]
[SourceTitle "EXT 2018"]
[Source "ChessBase"]
[SourceDate "2017.10.13"]
[SourceVersion "1"]
[SourceVersionDate "2017.10.13"]
[SourceQuality "1"]
[WhiteTeam "Nuernberg NT II"]
[BlackTeam "Bindlach Aktionaer II"]
[WhiteTeamCountry "GER"]
[BlackTeamCountry "GER"]

1. d4 Nf6 2. Nf3 g6 3. c4 Bg7 4. Nc3 d5 5. Bg5 c6 6. e3 0-0 7. Bd3 Na6 8. cxd5 cxd5 9. Bxa6 bxa6 10. Qb3 e6 11. 0-0 Qb6 12. Qa3 Bd7 13. Ne5 Bb5 14. Nxb5 Qxb5 15. Bxf6 Bxf6 16. Nd3 Rab8 17. Rfc1 Rfc8 18. Rxc8+ Rxc8 19. Rc1 Rxc1+ 20. Nxc1 Bd8 21. Qc3 Ba5 22. Qc2 Kg7 23. Nd3 Bb6 24. g3 Qa5 25. a4 Bd8 26. Kg2 Qb6 27. Ne5 Bc7 28. Nd7 Qd6 29. Nc5 Qb6 30. b3 Bd6 31. Nd3 a5 32. Qc3 Bb4 33. Qc2 Bd6 1/2-1/2

[Event "Landesliga Nord 1516"]
[Site "Bayern"]
[Date "2015.10.25"]
[Round "2.8"]
[White "Surinya, Tibor"]
[Black "Haag, Wolfgang"]
[Result "1/2-1/2"]
[WhiteElo "2001"]
[BlackElo "2081"]
[PlyCount "49"]
[EventDate "2015.10.11"]
[EventType "team-tourn"]
[EventRounds "9"]
[EventCountry "GER"]
[SourceTitle "EXT 2018"]
[Source "ChessBase"]
[SourceDate "2017.10.13"]
[SourceVersion "1"]
[SourceVersionDate "2017.10.13"]
[SourceQuality "1"]
[WhiteTeam "Nuernberg NT II"]
[BlackTeam "Schweinfurt"]
[WhiteTeamCountry "GER"]
[BlackTeamCountry "GER"]

1. d4 Nf6 2. Nf3 g6 3. c4 Bg7 4. Nc3 0-0 5. e4 d6 6. Be2 c6 7. 0-0 Nbd7 8. b3 Qa5 9. Bb2 e5 10. dxe5 dxe5 11. Qc2 Re8 12. Rfd1 Nf8 13. Na4 Bg4 14. Bc3 Qc7 15. Ng5 h6 16. Bxg4 hxg5 17. h3 Nxg4 18. hxg4 Ne6 19. Qd2 Rad8 20. Qe3 b6 21. b4 Qc8 22. f3 Bf6 23. Nb2 Kg7 24. g3 Rh8 25. Kg2 1/2-1/2

[Event "Mittelfranken-ch HT 63rd"]
[Site "Nuremberg"]
[Date "2014.04.18"]
[Round "8"]
[White "Kotz, Reinhard"]
[Black "Surinya, Tibor"]
[Result "1-0"]
[WhiteElo "2180"]
[BlackElo "2063"]
[PlyCount "63"]
[EventDate "2014.04.15"]
[EventType "swiss"]
[EventRounds "9"]
[EventCountry "GER"]
[SourceTitle "EXT 2022"]
[Source "ChessBase"]
[SourceDate "2021.10.06"]
[SourceVersion "1"]
[SourceVersionDate "2021.10.06"]
[SourceQuality "1"]

1. f4 d5 2. Nf3 Nc6 3. e3 Bg4 4. Bb5 e6 5. h3 Bxf3 6. Bxc6+ bxc6 7. Qxf3 Bd6 8. 0-0 Nf6 9. b3 e5 10. Bb2 e4 11. Qe2 0-0 12. Nc3 Re8 13. Qa6 Qd7 14. Na4 c5 15. c4 d4 16. Qa5 dxe3 17. dxe3 Qe7 18. Rad1 Nh5 19. Rd5 Qh4 20. Qc3 f6 21. Qe1 Ng3 22. Rf2 f5 23. Nxc5 Bxc5 24. Rxc5 Rad8 25. Rd5 c6 26. Rxd8 Rxd8 27. Bd4 a6 28. Rc2 Qh5 29. Kh2 c5 30. Bxc5 g5 31. Qxg3 g4 32. Bd4 1-0

[Event "Mittelfranken-ch HT 63rd"]
[Site "Nuremberg"]
[Date "2014.04.17"]
[Round "6"]
[White "Saathoff, Richard"]
[Black "Surinya, Tibor"]
[Result "1/2-1/2"]
[WhiteElo "2139"]
[BlackElo "2063"]
[PlyCount "45"]
[EventDate "2014.04.15"]
[EventType "swiss"]
[EventRounds "9"]
[EventCountry "GER"]
[SourceTitle "EXT 2022"]
[Source "ChessBase"]
[SourceDate "2021.10.06"]
[SourceVersion "1"]
[SourceVersionDate "2021.10.06"]
[SourceQuality "1"]

1. e4 e6 2. d4 d5 3. Nc3 dxe4 4. Nxe4 Nf6 5. Nxf6+ gxf6 6. Nf3 b6 7. Bb5+ c6 8. Bc4 Ba6 9. Bxa6 Nxa6 10. Qe2 Nc7 11. Bd2 Qd7 12. 0-0-0 0-0-0 13. Rhe1 Bd6 14. g3 Kb8 15. Kb1 Qc8 16. Qe4 Qb7 17. Qh4 Ne8 18. Ne5 Rc8 19. Nc4 Be7 20. Qh5 Bf8 21. Bf4+ Ka8 22. Ne3 Bd6 23. Qh6 1/2-1/2

[Event "Mittelfranken-ch HT 63rd"]
[Site "Nuremberg"]
[Date "2014.04.17"]
[Round "7"]
[White "Surinya, Tibor"]
[Black "Tong, Kevin"]
[Result "1/2-1/2"]
[WhiteElo "2063"]
[BlackElo "1699"]
[PlyCount "50"]
[EventDate "2014.04.15"]
[EventType "swiss"]
[EventRounds "9"]
[EventCountry "GER"]
[SourceTitle "EXT 2022"]
[Source "ChessBase"]
[SourceDate "2021.10.06"]
[SourceVersion "1"]
[SourceVersionDate "2021.10.06"]
[SourceQuality "1"]

1. d4 d5 2. Nf3 c6 3. g3 Nf6 4. Bg2 Bf5 5. 0-0 e6 6. c4 Bd6 7. Nc3 0-0 8. b3 Nbd7 9. Bb2 Rc8 10. Rc1 Re8 11. Nd2 Bf8 12. e4 dxe4 13. Ndxe4 Nxe4 14. Nxe4 Nf6 15. Nxf6+ Qxf6 16. Qe2 Qg6 17. Rfd1 Red8 18. h3 Qg5 19. h4 Qg6 20. Ra1 b6 21. h5 Qg5 22. Bc1 Qf6 23. Bb2 Qg5 24. Bc1 Qf6 25. Bb2 Qg5 1/2-1/2

[Event "Budapest FS10 FM-A"]
[Site "Budapest"]
[Date "2009.10.13"]
[Round "11"]
[White "Schenkerik, Csaba"]
[Black "Surinya, Tibor"]
[Result "1/2-1/2"]
[WhiteElo "2120"]
[BlackElo "2049"]
[PlyCount "38"]
[EventDate "2009.10.03"]
[EventType "tourn"]
[EventRounds "11"]
[EventCountry "HUN"]
[SourceTitle "CBM 132 Extra"]
[Source "ChessBase"]
[SourceDate "2009.11.03"]
[SourceVersion "1"]
[SourceVersionDate "2009.11.03"]
[SourceQuality "1"]

1. e4 c5 2. Nf3 d6 3. d4 cxd4 4. Nxd4 Nf6 5. Nc3 a6 6. Bc4 e6 7. Bb3 Be7 8. g4 h6 9. Be3 b5 10. f3 Bd7 11. Qe2 Nc6 12. 0-0-0 Rc8 13. h4 b4 14. Nb1 Nxd4 15. Bxd4 Bb5 16. Qf2 Qc7 17. g5 hxg5 18. hxg5 Nh5 19. f4 e5 1/2-1/2

[Event "Budapest Spring op 25th"]
[Site "Budapest"]
[Date "2009.03.28"]
[Round "9"]
[White "Shoshin, Valery"]
[Black "Surinya, Tibor"]
[Result "0-1"]
[WhiteElo "1749"]
[BlackElo "2050"]
[PlyCount "40"]
[EventDate "2009.03.20"]
[EventType "swiss"]
[EventRounds "9"]
[EventCountry "HUN"]
[SourceTitle "CBM 129 Extra"]
[Source "ChessBase"]
[SourceDate "2009.05.05"]
[SourceVersion "2"]
[SourceVersionDate "2009.05.20"]
[SourceQuality "1"]

1. e4 c5 2. Nf3 d6 3. Bc4 e6 4. Qe2 a6 5. c3 Nf6 6. e5 dxe5 7. Nxe5 Be7 8. f4 0-0 9. 0-0 Qc7 10. Qf3 Nbd7 11. Qg3 b5 12. Bb3 Bb7 13. d3 Rad8 14. Na3 Bd6 15. Re1 Nb6 16. Ng4 Nh5 17. Nh6+ Kh8 18. Qg4 Nxf4 19. Rf1 Ng6 20. Qg5 Bxh2+ 0-1

[Event "Budapest Spring op 25th"]
[Site "Budapest"]
[Date "2009.03.22"]
[Round "3"]
[White "Surinya, Tibor"]
[Black "Varga, Melinda"]
[Result "1-0"]
[WhiteElo "2050"]
[BlackElo "1562"]
[PlyCount "41"]
[EventDate "2009.03.20"]
[EventType "swiss"]
[EventRounds "9"]
[EventCountry "HUN"]
[SourceTitle "CBM 129 Extra"]
[Source "ChessBase"]
[SourceDate "2009.05.05"]
[SourceVersion "2"]
[SourceVersionDate "2009.05.20"]
[SourceQuality "1"]

1. d4 d5 2. c4 e6 3. Nc3 Nf6 4. cxd5 exd5 5. Bg5 Nbd7 6. e3 Be7 7. Bd3 c6 8. Nf3 0-0 9. Qc2 Re8 10. 0-0-0 b5 11. Bxf6 Nxf6 12. Ne5 Bb7 13. f4 a6 14. g4 g6 15. h4 c5 16. h5 Ne4 17. Bxe4 dxe4 18. hxg6 hxg6 19. Qh2 Bh4 20. g5 Kf8 21. Qxh4 1-0

[Event "HUN-chT2 Toth 0809"]
[Site "Hungary"]
[Date "2009.03.08"]
[Round "9.3"]
[White "Prorok, Marton"]
[Black "Surinya, Tibor"]
[Result "1-0"]
[WhiteElo "2036"]
[BlackElo "2043"]
[PlyCount "61"]
[EventDate "2008.10.26"]
[EventType "team-tourn"]
[EventRounds "11"]
[EventCountry "HUN"]
[SourceTitle "EXT 2010"]
[Source "ChessBase"]
[SourceDate "2010.11.25"]
[SourceVersion "1"]
[SourceVersionDate "2010.11.25"]
[SourceQuality "1"]
[WhiteTeam "Mezobereny"]
[BlackTeam "Mako II"]
[WhiteTeamCountry "HUN"]
[BlackTeamCountry "HUN"]

1. e4 c5 2. f4 d5 3. Nc3 d4 4. Nce2 Nc6 5. Nf3 g6 6. e5 Bg7 7. Ng3 Nh6 8. Bc4 0-0 9. 0-0 Na5 10. Be2 Qc7 11. Ng5 f6 12. exf6 Bxf6 13. d3 Bd7 14. Bd2 Nc6 15. N3e4 b6 16. Nxf6+ exf6 17. Ne4 f5 18. Ng5 Rae8 19. Bf3 Nd8 20. c3 a5 21. cxd4 cxd4 22. Qb3+ Kg7 23. Qd5 Nc6 24. Rae1 Rxe1 25. Rxe1 Rf6 26. Qb3 Qd8 27. Bxc6 Rxc6 28. Qd5 Rc8 29. Qxd4+ Kg8 30. Qd5+ Kg7 31. Bc3+ 1-0

[Event "HUN-chT2 Toth 0809"]
[Site "Hungary"]
[Date "2008.10.26"]
[Round "1.4"]
[White "Surinya, Tibor"]
[Black "Egyed, Zsolt"]
[Result "1/2-1/2"]
[WhiteElo "2043"]
[BlackElo "2074"]
[PlyCount "47"]
[EventDate "2008.10.26"]
[EventType "team-tourn"]
[EventRounds "11"]
[EventCountry "HUN"]
[SourceTitle "EXT 2010"]
[Source "ChessBase"]
[SourceDate "2010.11.25"]
[SourceVersion "1"]
[SourceVersionDate "2010.11.25"]
[SourceQuality "1"]
[WhiteTeam "Mako II"]
[BlackTeam "Karcag"]
[WhiteTeamCountry "HUN"]
[BlackTeamCountry "HUN"]

1. Nf3 g6 2. d4 Bg7 3. c4 Nf6 4. Nc3 d6 5. e4 0-0 6. Be2 c6 7. 0-0 e5 8. Re1 Nbd7 9. Bf1 Qb6 10. d5 cxd5 11. cxd5 Nc5 12. Nd2 Ne8 13. Nc4 Qd8 14. Be3 b6 15. f4 Ba6 16. Bxc5 Bxc4 17. Bxc4 bxc5 18. f5 Qg5 19. Qd3 Bh6 20. Kh1 Nf6 21. Rf1 Ng4 22. Nd1 Qh4 23. Qg3 Qxg3 24. hxg3 1/2-1/2